Click the Aerosmith Song Title Ending - Statistics

General Stats
  • This quiz has been taken 33 times
  • The average score is 15 of 25
Answer Stats
Hint Answer % Correct
Livin' on the Edge
100%
Love in an Elevator
93%
Nine Lives
81%
Let the Music do the Talking
81%
Give Peace a Chance
78%
Shut Up and Dance
78%
Lightning Strikes
78%
Girls of Summer
70%
Love Me Two Times
70%
Eyesight to the Blind
67%
You See Me Crying
67%
Sweet Emotion
67%
Draw On The Line
67%
Walk on Water
67%
My Fist Your Face
63%
Road Runner
63%
Fly Away From Here
59%
You Gotta Move
48%
Seasons of Wither
44%
Last Child
41%
Angel's Eye
33%
Make It
33%
Taste of India
30%
Lizard Love
22%
Mother Popcorn
11%
No matching quizzes found
Score Distribution
Percent of People with Each Score
Percentile by Number Answered
Your Score History
You have not taken this quiz